Ancient Indian history (Record no. 394953)

MARC details
000 -LEADER
fixed length control field 00478nam a22001937a 4500
005 - DATE & TIME
control field 20260130162505.0
008 - FIXED-LENGTH DATA ELEMENTS--GENERAL INFORMATION
fixed length control field 260129b |||||||| |||| 00| 0 eng d
020 ## - ISBN
International Standard Book Number 9789356096639
Price Rs. 995.00
040 ## - CATALOGING SOURCE
Original cataloging agency VIVEKANANDA LIBRARY
082 ## - DDC NUMBER
Classification number 954.01
Book Number S77A
100 ## - MAIN ENTRY--PERSONAL NAME
Personal name Sarvesh Kumar
245 ## - TITLE STATEMENT
Title Ancient Indian history
260 ## - PUBLICATION, DISTRIBUTION, ETC. (IMPRINT)
Name of publisher, distributor, etc Arihant Books
Date of publication, distribution, etc 2025
Place of publication, distribution, etc New Delhi
300 ## - PHYSICAL DESCRIPTION
Pages viii, 244
650 ## - Subject
Subject History
650 ## - Subject
Subject Ancient India
650 ## - Subject
Subject India-History
942 ## - ADDED ENTRY ELEMENTS (KOHA)
Koha item type Books
Holdings
Withdrawn status Lost status Source of classification or shelving scheme Damaged status Not for loan Location (home branch) Sublocation or collection (holding branch) Shelving location Date acquired Koha issues (times borrowed) Koha full call number Accession No. Koha date last seen Koha item type
    Dewey Decimal Classification     VIVEKANANDA LIBRARY VIVEKANANDA LIBRARY Vivekananda Library 07/01/2026   954.01 S77A 444028 07/01/2026 Books
© Designed and Maintained by Vivekananda Library, MDU Rohtak